000 00283nam a22001217a 4500
008 180111b xxu||||| |||| 00| 0 eng d
041 _aeng
080 _a579
100 _a11
101 _aMIC
245 _aCOMLEX LEVEL 1 IMMUNOLOGY AND MICROBIOLOGY
_cMARY.R
942 _2udc
_cBK
999 _c40155
_d40155